Responses for Show #4529 - Thursday, April 22, 2004

Tom Baker game 2.

Contestants

[<< previous game]

James Rogers, a musician and computer programmer from Washington, D.C.

Susan Durham, a gift shop manager from Louisville, Kentucky

Tom Baker, a writer from Tokyo, Japan (whose 1-day cash winnings total $37,800)

[next game >>]

Jeopardy! Round responses

THE MORGAN WEB
SPORT OF KINGS
TREBEK, SAJAK OR OZZY OSBOURNE
(Alex: There's a threesome!)
NEW YORK CITY HISTORY
ConAgra FOODS
"COOL", DUDE!
    $200 14
Morgan Freeman (in "Driving Miss Daisy")

James
    $200 8
(Tom: What are saddles?)
...
(Alex: He weighs [*] who are carrying the saddles, but not the saddles by themselves.)

the jockeys

TomSusan
    $200 20
Trebek

Tom
    $200 1
Grand Central Station

James
    $200 22
mustard

James
    $200 6
Cool Hand Luke

James
    $400 15
King Arthur

Susan
    $400 9
Seabiscuit

Susan
    $400 21
(Susan: Who is Sajak?)
...
(Alex: Why couldn't you have said, "Who is Trebek?")

Ozzy Osbourne

SusanJames
    $400 2
Staten Island

Tom
    $2,200 23
Peter Pan

James
    $400 7
Calvin Coolidge

Susan
    $600 17
volleyball

James
    $600 10
the (starting) gates

James
    $600 27
Sajak

James
    $600 3
Columbus Circle

James
    $600 24
Chef Boyardee

Tom
    $600 11
wine coolers

James
    $800 18
William Randolph Hearst

James
    $800 16
Seattle Slew

James
    $800 29
Ozzy Osbourne

Tom
    $800 4
a draft

Tom
    $800 25
Jiffy Pop

James
    $800 12
(Tom: Who is LL Cool J?)

Coolio

Tom
Triple Stumper
    $1000 19
fruit fly

Tom
    $1000 28
the Epsom Derby

Susan
    $1000 30
Sajak

Susan
    $1000 5
Fiorello LaGuardia

James
    $1000 26
(Alex: Susan, less than a minute now.)

Slim Jim

Triple Stumper
    $1000 13
"Cool Papa"

James

Scores at the first commercial break (after clue 15):

Tom Susan James
$200 $1,400 $4,400

Scores at the end of the Jeopardy! Round:

Tom Susan James
$2,800 $3,000 $10,800

Double Jeopardy! Round responses

PLAYWRIGHTS
TV TITLE ROLES
HOLY PLACE NAMES
PICTURE ME!
INSECTS
ROYAL BEFORE & AFTER
    $400 10
Moliere

Susan
    $400 2
The Fresh Prince of Bel-Air

Tom
    $400 16
St. Paul

James
    $400 1
Louis Armstrong

Susan
    $400 21
termites

James
    $400 23
(Tom: What is The Little Prince?)

The Little Prince of Darkness

TomSusan
    $800 12
Sam Shepard

Susan
    $800 6
Joan of Arcadia

Susan
    $800 17
Dieu

James
    $800 3
Nikita Khrushchev

Tom
    $800 22
the dragonfly

Susan
    $800 24
Lady in Waiting for Godot

Tom
    $2,700 13
(Susan: I can't think of it.)

Vaclav Havel

Susan
    $1200 7
Dr. Quinn, Medicine Woman

James
    $1200 18
(Tom: What is Wellington?)

Christchurch

Tom
Triple Stumper
    $1200 4
Emily Dickinson

Tom
    $5,000 30
the boll weevil

Tom
    $1200 25
(Alex: With a minute to go.)

The Princess and the Pea Coat

James
    $1600 14
Bertolt Brecht

James
    $1600 9
Barnaby Jones

James
    $1600 19
Archangel

Tom
    $1600 5
Dee Dee Myers

Susan
    $1600 29
palmetto bugs

Tom
    $1600 26
God Save the Queen Latifah

Tom
    $2000 15
David Rabe

Triple Stumper
    $2000 11
The Fall Guy

Susan
    $2000 20
(Tom: What is Allalabad?)
(Susan: What is Allah?)

Allahabad

TomSusan
Triple Stumper
    $2000 8
(James: Who is Richthofen?)
(Alex: Baron Richthofen was WWI, & although Hermann Goering served in WWI, that's his photo that you're looking at right here.)

Hermann Goering

James
Triple Stumper
    $2000 28
cicadas

Tom
    $2000 27
Idylls of the King Kong

Tom

Scores at the end of the Double Jeopardy! Round:

Tom Susan James
$16,200 $5,500 $16,000

[wagering suggestions for these scores]

Final Jeopardy! Round responses

TIME MAGAZINE'S MAN OF THE YEAR
SusanWho is Mahatma Gandhi?
$5,400
JamesWho was?
$4,999
TomWho is Mohandas K. Gandhi?
$16,000
Mohandas Gandhi

Final scores:

Tom Susan James
$32,200 $10,900 $11,001
2-day champion: $70,000 3rd place: $1,000 2nd place: $2,000

Game dynamics:

Coryat scores:

Tom Susan James
$12,400 $8,200 $14,200
16 R
(including 1 DD),
5 W
14 R,
3 W
(including 1 DD)
23 R
(including 1 DD),
1 W

Combined Coryat: $34,800

[game] [game scores] [suggest correction]

Game tape date: 2004-02-03
The J! Archive is created by fans, for fans. Scraping, republication, monetization, and malicious use prohibited; this site may use cookies and collect identifying information. See terms. The Jeopardy! game show and all elements thereof, including but not limited to copyright and trademark thereto, are the property of Jeopardy Productions, Inc. and are protected under law. This website is not affiliated with, sponsored by, or operated by Jeopardy Productions, Inc. Join the discussion at JBoard.tv.